| 000 | 01088nam a2200313 i 4500 | ||
|---|---|---|---|
| 001 | bg | ||
| 100 | 1 |
_aMIERNIK, Krzysztof _d(1953- ) |
|
| 245 | 1 | 0 |
_aDziałanie i budowa magnetronowych urządzeń rozpylających / _cKrzysztof Miernik ; [Instytut Technologii Eksploatacji]. |
| 260 |
_aRadom : _bITE, _c1997. |
||
| 300 |
_a177 s. : _brys., wykr. ; _c24 cm. |
||
| 490 | 1 | _aBiblioteka Problemów Eksploatacji | |
| 504 | _aBibliogr. s. 160-170. - Indeks. | ||
| 650 | 9 |
_aJonizacja _xzagadnienia |
|
| 650 | 9 |
_aMagnetrony _xbudowa i konstrukcje |
|
| 650 | 9 |
_aMagnetrony _xstosowanie |
|
| 650 | 9 |
_aPowłoki ochronne _xzagadnienia |
|
| 650 | 9 |
_aRozpylanie _xurządzenia _xbudowa i konstrukcje |
|
| 650 | 9 |
_aRozpylanie _xurządzenia _xstosowanie |
|
| 650 | 9 |
_aTechnika próżniowa _xzagadnienia |
|
| 710 | 0 | _aInstytut Tevhnologii Eksploatacji | |
| 830 | _aBiblioteka Problemów Eksploatacji | ||
| 020 | _a838614838X | ||
| 040 | _cBPK | ||
| 041 | 0 | _apol | |
| 080 | _a621.385:620.197:537.3+537.5 | ||
| 920 | _a83-86148-38-X | ||
| 942 | _cKS | ||
| 008 | s pl f |000 0 pol | ||
| 999 |
_c33748 _d33748 |
||
| 856 |
_uhttp://koha.tu.koszalin.pl/cgi-bin/koha/opac-detail.pl?biblionumber=33748 _yKatalog online BPK |
||